| 000 | 00597nam a2200193Ia 4500 | ||
|---|---|---|---|
| 005 | 20260114185845.0 | ||
| 008 | 008 260114s9999 xx 000 0 eng d | ||
| 020 | _a9781474213042 | ||
| 037 | _aEBOOK | ||
| 040 |
_aCRL _beng _cCRL |
||
| 041 |
_aeng _2eng |
||
| 084 | _qCRL | ||
| 100 |
_aRalph W. Fevre _9875253 |
||
| 245 | 0 | _aDemoralization of Western Culture Social Theory and the Dilemmas of Modern Living | |
| 260 |
_bBloomsbury _c2003 |
||
| 856 | _uhttps://doi.org/10.5040/9781474213042?locatt=label:secondary_bloomsburyCollections | ||
| 942 | _cEBOOK | ||
| 999 |
_c1474187 _d1474187 |
||